| 000 | 00379nam a22001577a 4500 | ||
|---|---|---|---|
| 999 |
_c4527 _d4526 |
||
| 005 | 20211001150442.0 | ||
| 008 | 160628b xxu||||| |||| 00| 0 eng d | ||
| 041 | _aeng | ||
| 082 | _b10783 | ||
| 100 |
_aRai, G.D. _92233 |
||
| 245 | _aAn Introduction to Power Plant Technology | ||
| 260 |
_bKhanna Publishers _c2006 |
||
| 300 | _a1008 | ||
| 650 |
_aManagement _9241 |
||
| 942 | _cBK | ||